000 00293nam a22001337a 4500
008 170609b xxu||||| |||| 00| 0 eng d
020 _a9780395857632
041 _aeng
080 _a328
100 _a19
101 _aSHP
245 _aAMERICAN GOVERNMENT
_cWILSON.J.Q
942 _2udc
_cBK
999 _c16762
_d16762